[Event "Shakhty KVU op"]
[Site "Shakhty"]
[Date "2015.02.20"]
[Round "8"]
[White "Prokhoda, Nikola"]
[Black "Spidchenko, Valeriy"]
[Result "0-1"]
[WhiteElo "2057"]
[BlackElo "2047"]
[PlyCount "122"]
[EventDate "2015.02.14"]
[EventType "swiss"]
[EventRounds "9"]
[EventCountry "RUS"]
[SourceTitle "CBM 165 Extra"]
[Source "ChessBase"]
[SourceDate "2015.04.21"]
[SourceVersion "1"]
[SourceVersionDate "2015.04.21"]
[SourceQuality "1"]

1. d4 Nf6 2. c4 e6 3. Nf3 b6 4. g3 Bb7 5. Bg2 c5 6. dxc5 Bxc5 7. 0-0 0-0 8. Nc3 Nc6 9. a3 Be7 10. e4 d6 11. Re1 Ne5 12. Nxe5 dxe5 13. Qe2 Qc8 14. b3 Rd8 15. Bb2 Bc6 16. Na2 Nd7 17. Nb4 Bb7 18. Nd3 Qc7 19. h4 Bd6 20. Rad1 Nc5 21. Nc1 Rac8 22. Qg4 Be7 23. f4 Rxd1 24. Rxd1 Bf6 25. f5 exf5 26. Qxf5 Re8 27. Qg4 h6 28. Qe2 Rd8 29. Rxd8+ Qxd8 30. b4 Ne6 31. Qd3 Qc7 32. Ne2 g5 33. hxg5 Nxg5 34. Nc3 Bg7 35. Nd5 Qd6 36. Bc1 Bxd5 37. exd5 e4 38. Qe2 f5 39. Bxg5 hxg5 40. Qe3 g4 41. Qg5 Qf6 42. Qxf6 Bxf6 43. Bf1 Kf7 44. Kg2 Bd4 45. a4 Ke7 46. Be2 Kd6 47. a5 bxa5 48. bxa5 Kc5 49. a6 Kb6 50. Bf1 Bc5 51. Be2 Kxa6 52. d6 Kb6 53. Bd1 Kc6 54. Ba4+ Kxd6 55. Kf1 Ke5 56. Ke2 a5 57. Bd7 f4 58. Bxg4 fxg3 59. Bh3 a4 60. Kd2 Kd4 61. Bf1 e3+ 0-1